भारत का इतिहास/ (Record no. 177702)

MARC details
000 -LEADER
fixed length control field 00748nam a22002297a 4500
003 - CONTROL NUMBER IDENTIFIER
control field dpl
005 - DATE AND TIME OF LATEST TRANSACTION
control field 20210225165759.0
008 - FIXED-LENGTH DATA ELEMENTS--GENERAL INFORMATION
fixed length control field 210225b ||||| |||| 00| 0 eng d
010 ## - LIBRARY OF CONGRESS CONTROL NUMBER
LC control number B-307172
035 ## - SYSTEM CONTROL NUMBER
System control number B-307172
037 ## - SOURCE OF ACQUISITION
Source of stock number/acquisition Cen Lib/Ret
040 ## - CATALOGING SOURCE
Original cataloging agency DPL
Language of cataloging HN
Transcribing agency DBAD/PUB
082 ## - DEWEY DECIMAL CLASSIFICATION NUMBER
Classification number 954
Item number श्रीवास्त
100 ## - MAIN ENTRY--PERSONAL NAME
Personal name श्रीवास्तव
9 (RLIN) 8559
245 ## - TITLE STATEMENT
Title भारत का इतिहास/
Statement of responsibility, etc श्रीवास्तव
300 ## - PHYSICAL DESCRIPTION
Extent 686.
Dimensions 20सेमी(सजिल्द)
650 ## - SUBJECT ADDED ENTRY--TOPICAL TERM
Topical term or geographic name as entry element संस्कृति और संस्थानों
9 (RLIN) 45021
650 ## - SUBJECT ADDED ENTRY--TOPICAL TERM
9 (RLIN) 100098
650 ## - SUBJECT ADDED ENTRY--TOPICAL TERM
9 (RLIN) 100099
650 ## - SUBJECT ADDED ENTRY--TOPICAL TERM
9 (RLIN) 78280
942 ## - ADDED ENTRY ELEMENTS (KOHA)
Source of classification or shelving scheme Dewey Decimal Classification
Koha item type Hindi Books
Classification part 954
Call number suffix श्रीवास्तव
Holdings
Withdrawn status Lost status Source of classification or shelving scheme Damaged status Not for loan Home library Current library Shelving location Date acquired Total Checkouts Total Renewals Full call number Barcode Date last seen Date checked out Copy number Price effective from Koha item type
    Dewey Decimal Classification     Central Library Central Library General Stacks 25/02/2021 19 12 954 श्रीवास्तव B-307172 29/01/2026 05/01/2026 1 25/02/2021 Hindi Books

© Delhi Public Library
Hit Counter
free hit counter